| 000 | 00972cam a22003135i 4500 | ||
|---|---|---|---|
| 003 | EG-ScBUE | ||
| 005 | 20230222063259.0 | ||
| 008 | 150817s1998 enka f 001 0 eng d | ||
| 020 | _a190051849X | ||
| 020 | _a9781900518499 | ||
| 040 |
_aEG-ScBUE _beng _erda _cEG-ScBUE _dEG-ScBUE |
||
| 082 | 0 | 4 |
_a747 _bCUM _222 |
| 100 | 1 |
_aCumberbatch, Jane, _eauthor. _919357 |
|
| 245 | 1 | 0 |
_aPure style outdoors / _cJane Cumberbatch ; photography by Pia Tryde. |
| 264 | 1 |
_aLondon : _bRyland Peters & Small, _c1998. |
|
| 300 |
_a160 pages : _bcolor illustrations ; _c25 cm. |
||
| 336 |
_2rdacontent _atext _btxt |
||
| 337 |
_2rdamedia _aunmediated _bn |
||
| 338 |
_2rdacarrier _avolume _bnc |
||
| 490 | 0 | _aDesign for life | |
| 500 | _aIncludes index. | ||
| 590 | _adoaa mohamed | ||
| 650 | 7 |
_aGarden structures. _2BUEsh |
|
| 651 | _2BUEsh | ||
| 653 |
_cAugust2015 _bENGARC |
||
| 655 | _vReading book | ||
| 700 | 1 |
_aTryde, Pia, _ephotographer. |
|
| 942 |
_cBB _k747 CUM _2ddc |
||
| 999 |
_c4758 _d4758 |
||